000 01522nam a22002177a 4500
999 _c59204
_d59204
003 Ge_BSU
005 20221213154021.0
008 221213s1983ge xxu||||| |||| 00| 0 geo d
041 _ageo
080 _a821.111-2 შ-56
100 _aშექსპირი, უილიამ, ავტორი.
_916047
245 _aთხზულებათა სრული კრებული : 5 ტომად.
_bნაწ. 1. /
_cუილიამ შექსპირი, ნიკო ყიასაშვილის საერთო რედ.წინასიტ. და შენიშვნ. მთარგმნ.: გ. ჯაბაშვილი, მ.ზაალიშვილი, და სხვ.
264 _aთბილისი :
_bხელოვნება,
_c1983.
300 _aXXXII, 406 გვ. :
_b32 ფ. ილ.
_c29 სმ.
501 _aშენიშვნები: გვ. 390-405.
653 _aჰენრი მეექვსე -- რიჩარდ მესამე -- ტიტუს ანდრონიკუსი -- შეცდომათა კომედია -- ჭირვეულის მორჯულება -- ორი ვერონელი აზნაური.
700 _aყიასაშვილი, ნიკო
_eსაერთო რედქტორი
_91372
700 _aჯაბაშვილი, გ
_916391
700 _aზაალიშვილი, მ
_eმთარგმნელი
_916392
942 _2udc
_cBK